000 00440nam a2200181Ia 4500
001 24779
005 20260414151106.0
008 260414t2012||||xx |||||||||||||| ||spa||
041 _aESP
082 _a345.733
_bR63
100 _aRíos Hellig, Jorge
_eAUT
245 0 _aLa práctica del derecho notarial
_b
260 _c2012
300 _axxii, 466 páginas :
_c23 cm.
650 _aDER
654 _aCDE
942 _cLIB
_dJUS
_fJUS
_2ddc
_n
999 _c24779
_d24779